Statistics for Country Rhymes

Click here to take the quiz!

General Stats

  • This quiz has been taken 35,863 times
    (35,808 since last reset)
  • The average score is 13 of 21

Answer Stats

Rhyme Country % Correct
TubaCuba
97%
DoorwayNorway
92%
ChanceFrance
90%
BadChad
83%
PogoTogo
81%
PerkyTurkey
81%
AppallNepal
77%
NieceGreece
70%
EightyHaiti
66%
ZucchiniEswatini
62%
MynaChina
60%
SqueegeeFiji
59%
ZambiaGambia
55%
GordonJordan
55%
TriviaBolivia
52%
DrylandThailand
52%
LemonYemen
49%
DungareeHungary
49%
AzaleaAustralia
30%
SkinnyGuinea
28%
AcaciaCroatia
16%

Score Distribution

Percentile by Number Answered

Percent of People with Each Score

Your Score History

You have not taken this quiz since the last reset